000 00239nam a2200097Ia 4500
005 20251222114345.0
008 251222s1900||||xx |||||||||||||| ||spa||
082 _aDVD0010/T98C/2004
245 0 _aCriaturas de la noche:Pitch Black
942 _cDVD
999 _c1002
_d1002